000
00255nam a2200109Ia 4500
008
220204s9999 xx 000 0 und d
082
_a
645.4
_b
VON
100
_a
Von, Herausgeben
245
0
_a
New furniture
260
_a
London
_b
Academy
_c
1973
942
_c
BK
999
_c
29416
_d
29416